00952nam a2200277Ia 4500003000400000005001700004008004100021020001800062040001800080041000800098082002100106100002600127245004100153250000600194260005100200300002900251650003400280650003000314650002900344700003400373700002900407700002600436942002500462999001900487952016800506OSt20230830102558.0210716s2014 xx 000 0 und d a9788122434385 cAIMIT LIBRARY aeng a005.44 21bKOTD aKothari, D P.9131518 aLinux /cBy D P Kothari...[et.al.]. a1 aNew DelhibNew Age International Pvt Ltdc2014 axiii,132 p.;bPBc25 cm. aFiles and permissionc9131519 ashell programming9131520 aEditors in linux9131521 aVasudevan, Shriram K.9131522 aR M D, Sundaram.9131523 aSubashri, V..9131524 2ddccBKk005.44 KOTD c194356d194356 00102ddc40708MCAaAIMITbAIMITeKnowledge Worldg150.00iBill no:432; Bill dt:2015-03-03l0o005.44 KOTDpMCA13864r2026-05-23 00:00:00v112.50w2021-07-16yBK